Alle Trainer vom FK Austria Wien seit 2000 - Statistiken

Allgemein
  • Dieses Quiz wurde 99 mal gespielt
  • Das Durchschnittsergebnis liegt bei 12 aus 28
Antwortstatistiken
Hinweis Antwort % Korrekt
2005 Peter Stöger
88%
2012-2013 Peter Stöger
88%
2020-2021 Peter Stöger
88%
2022-heute Michael Wimmer
79%
2021-2022 Manfred Schmid
75%
2015-2018 Thorsten Fink
72%
1999-2000 Herbert Prohaska
60%
2013-2014 Nenad Bjelica
60%
2019-2020 Christian Ilzer
53%
2003-2004 Joachim Löw
51%
2006 Frenkie Schinkels
46%
2018-2019 Thomas Letsch
42%
2002-2003 Christoph Daum
40%
2008-2011 Karl Daxbacher
39%
2015 Andreas Ogris
35%
2011-2012 Ivica Vastic
33%
2002 Walter Schachner
32%
2008 Dietmar Constantini
26%
2002 Dietmar Constantini
26%
2014-2015 Gerald Baumgartner
25%
2006-2008 Georg Zellhofer
23%
2019 Robert Ibertsberger
23%
2001 Arie Haan
21%
2014 Herbert Gager
21%
2001 Walter Hörmann & Anton Pfeffer
19%
2000 Ernst Baumeister
14%
2004-2005 Günther Kronsteiner
11%
2000-2001 Heinz Hochhauser
11%
Keine übereinstimmenden Quizze gefunden
Verteilung der Resultate
Anzahl Personen mit jedem Resultat
Perzentil nach korrekt beantworteten Fragen
Ihre Resultats-Entwicklung
Sie haben dieses Quiz noch nicht gespielt